[Event "XXXIV Miedzynarodowy Turniej Szachowy im"]
[Site "Police Klubie Nauczyciela  ul."]
[Date "2019.??.??"]
[Round "6.1"]
[White "Mirzoev, Azer"]
[Black "Levin, Felix"]
[Result "1/2-1/2"]
[WhiteElo "2474"]
[BlackElo "2457"]
[PlyCount "25"]
[EventDate "2019.??.??"]

1. c4 e6 2. Nf3 Nf6 3. g3 d5 4. Bg2 dxc4 5. Qa4+ Bd7 6. Qxc4 c5 7. O-O Bc6 8.
d3 Be7 9. Qc2 O-O 10. Nbd2 b6 11. b3 Bb7 12. Bb2 Nc6 13. Rac1 1/2-1/2

[Event "XXXIV Miedzynarodowy Turniej Szachowy im"]
[Site "Police Klubie Nauczyciela  ul."]
[Date "2019.??.??"]
[Round "6.2"]
[White "Vysochin, Spartak"]
[Black "Shishkin, Vadim"]
[Result "1/2-1/2"]
[WhiteElo "2493"]
[BlackElo "2457"]
[PlyCount "43"]
[EventDate "2019.??.??"]

1. d4 d5 2. Bf4 Nf6 3. e3 g6 4. Nf3 Bg7 5. Nbd2 O-O 6. h3 c5 7. c3 b6 8. Bd3
Ba6 9. Bxa6 Nxa6 10. O-O Qc8 11. Qe2 Qb7 12. Ne5 Rfd8 13. Rfd1 Nd7 14. Nxd7
Rxd7 15. Nf3 Rdd8 16. Be5 Rac8 17. Bxg7 Kxg7 18. a3 Nb8 19. Ne5 Nc6 20. Nxc6
Qxc6 21. Rd2 e6 22. Rad1 1/2-1/2

[Event "XXXIV Miedzynarodowy Turniej Szachowy im"]
[Site "Police Klubie Nauczyciela  ul."]
[Date "2019.??.??"]
[Round "6.3"]
[White "Cyborowski, Lukasz"]
[Black "Licznerski, Lukasz"]
[Result "1/2-1/2"]
[WhiteElo "2509"]
[BlackElo "2328"]
[PlyCount "66"]
[EventDate "2019.??.??"]

1. c4 e5 2. g3 Nf6 3. Bg2 d5 4. cxd5 Nxd5 5. Nf3 Nc6 6. O-O Nb6 7. b3 g6 8. Nc3
Bg7 9. Ba3 a5 10. d3 Nb4 11. Nd2 O-O 12. Nc4 Nxc4 13. bxc4 e4 14. Nxe4 Bxa1 15.
Qxa1 Nc2 16. Nf6+ Kh8 17. Qb2 Nxa3 18. Rc1 Ra6 19. Nd7+ Kg8 20. Nxf8 Qxf8 21.
c5 Qe8 22. Qxa3 Qxe2 23. d4 Rf6 24. Qe3 Re6 25. Qf4 c6 26. d5 cxd5 27. Bxd5 Re7
28. Bc4 Qb2 29. Rd1 Kg7 30. h4 Qe5 31. Qxe5+ Rxe5 32. Bd5 Re2 33. Rb1 Re5
1/2-1/2

[Event "XXXIV Miedzynarodowy Turniej Szachowy im"]
[Site "Police Klubie Nauczyciela  ul."]
[Date "2019.??.??"]
[Round "6.4"]
[White "Ahlander, Bjorn"]
[Black "Szpar, Milosz"]
[Result "1-0"]
[WhiteElo "2391"]
[BlackElo "2289"]
[PlyCount "73"]
[EventDate "2019.??.??"]

1. d4 Nf6 2. c4 e6 3. g3 Bb4+ 4. Bd2 Be7 5. Bg2 d5 6. Nf3 O-O 7. O-O c6 8. Qc2
Nbd7 9. Bf4 b6 10. cxd5 cxd5 11. Rc1 Ba6 12. Nc3 b5 13. a4 b4 14. Nb5 Qb6 15.
Qc6 Rac8 16. Bc7 Qxc6 17. Rxc6 Bb7 18. Rcc1 Ne8 19. Bf4 Rxc1+ 20. Rxc1 a6 21.
Na7 Nef6 22. Rc7 Rb8 23. Ne5 Nxe5 24. dxe5 Bd8 25. exf6 Bxc7 26. Bxc7 Ra8 27.
Bb6 gxf6 28. Kf1 f5 29. Ke1 Kg7 30. Kd2 Kf6 31. a5 Rg8 32. Bc5 Ba8 33. f4 e5
34. fxe5+ Kxe5 35. e3 h5 36. Bf3 b3 37. Bd4+ 1-0

[Event "XXXIV Miedzynarodowy Turniej Szachowy im"]
[Site "Police Klubie Nauczyciela  ul."]
[Date "2019.??.??"]
[Round "6.6"]
[White "Tokarczyk, Tomasz"]
[Black "Dzhuguryan, Tygran"]
[Result "0-1"]
[WhiteElo "2223"]
[BlackElo "2230"]
[PlyCount "68"]
[EventDate "2019.??.??"]

1. d4 Nf6 2. c4 e6 3. g3 Bb4+ 4. Bd2 a5 5. Bg2 d5 6. Nf3 Bxd2+ 7. Nbxd2 O-O 8.
O-O c6 9. Qc2 Nbd7 10. Rfd1 b6 11. e4 Bb7 12. e5 Ne8 13. cxd5 cxd5 14. Bf1 Rc8
15. Qb3 f6 16. exf6 gxf6 17. Re1 Ng7 18. Bh3 Re8 19. Re3 Nf8 20. Rae1 Qd6 21.
Nb1 Ba6 22. Nc3 Bc4 23. Qd1 Rc7 24. Nd2 Ba6 25. Qb3 Rec8 26. Ndb1 Qb4 27. Rd1
Bc4 28. Qxb4 axb4 29. Na4 Bxa2 30. Nxb6 Rc1 31. Ree1 Rxd1 32. Rxd1 Rc2 33. Na4
Bb3 34. Nc5 Rxc5 0-1

[Event "XXXIV Miedzynarodowy Turniej Szachowy im"]
[Site "Police Klubie Nauczyciela  ul."]
[Date "2019.??.??"]
[Round "6.7"]
[White "Yagupov, Igor"]
[Black "Czernek, Tymon"]
[Result "1-0"]
[WhiteElo "2385"]
[BlackElo "2003"]
[PlyCount "109"]
[EventDate "2019.??.??"]

1. Nf3 Nf6 2. c4 g6 3. Nc3 Bg7 4. e4 d6 5. d4 O-O 6. h3 e5 7. d5 a5 8. Bg5 Qe8
9. g4 Na6 10. Nd2 Nc5 11. Rg1 Qd7 12. Qc2 Ne8 13. h4 f5 14. gxf5 gxf5 15. Bh3
Qf7 16. Bxf5 Bxf5 17. exf5 Qxf5 18. Qxf5 Rxf5 19. Ke2 Kh8 20. Nde4 Nxe4 21.
Nxe4 h6 22. Be3 Kh7 23. Rg2 Rf7 24. Rag1 Rd8 25. Rg6 Rdd7 26. h5 Rde7 27. R1g4
Rf5 28. Kf1 b6 29. b3 Nf6 30. Nxf6+ Rxf6 31. Rxf6 Bxf6 32. Rg6 Bg7 33. Kg2 Rf7
34. Kh3 Rf5 35. Kg4 Rf7 36. a3 Bf8 37. Re6 Bg7 38. b4 axb4 39. axb4 Bf8 40. Re8
Bg7 41. Rc8 Bf8 42. f4 exf4 43. Bxf4 Bg7 44. c5 bxc5 45. bxc5 dxc5 46. Rxc7
Rxc7 47. Bxc7 c4 48. Kf5 c3 49. Bf4 c2 50. d6 Bd4 51. d7 Bb6 52. Kf6 Bd8+ 53.
Kf7 Bg5 54. Bxg5 hxg5 55. d8=Q 1-0

[Event "XXXIV Miedzynarodowy Turniej Szachowy im"]
[Site "Police Klubie Nauczyciela  ul."]
[Date "2019.??.??"]
[Round "6.8"]
[White "Chojnacki, Krzysztof"]
[Black "Bui, Bao Anh Le"]
[Result "1-0"]
[WhiteElo "2376"]
[BlackElo "2064"]
[PlyCount "67"]
[EventDate "2019.??.??"]

1. d4 d5 2. c4 e6 3. Nc3 c6 4. e3 Nf6 5. Nf3 Nbd7 6. Qc2 Bd6 7. g4 h6 8. Rg1 g5
9. Bd2 b6 10. cxd5 exd5 11. Nxd5 Nxd5 12. Qxc6 Nb4 13. Qxa8 Nc2+ 14. Kd1 Nxa1
15. Bd3 O-O 16. Ke2 Qc7 17. Rc1 Nc2 18. Qd5 Nf6 19. Qb3 Bxg4 20. Qxc2 Qb7 21.
Qc6 Qe7 22. Rg1 Rc8 23. Qb5 Bxh2 24. Rxg4 Nxg4 25. Bf5 Rd8 26. Bxg4 Bd6 27. Qf5
Re8 28. Bh5 Qc7 29. Qb5 Re7 30. Bc3 Qc8 31. Nxg5 hxg5 32. Qxg5+ Kf8 33. Qh6+
Kg8 34. Qxd6 1-0

[Event "XXXIV Miedzynarodowy Turniej Szachowy im"]
[Site "Police Klubie Nauczyciela  ul."]
[Date "2019.??.??"]
[Round "6.9"]
[White "Dryja, Szymon"]
[Black "Pajeken, Jakob Leon"]
[Result "1/2-1/2"]
[WhiteElo "1785"]
[BlackElo "2314"]
[PlyCount "78"]
[EventDate "2019.??.??"]

1. e4 e5 2. Nf3 Nc6 3. Bc4 Bc5 4. O-O Nf6 5. d3 a6 6. c3 d6 7. Bb3 O-O 8. h3
Ba7 9. Re1 h6 10. Nbd2 Nh5 11. Nf1 Qf6 12. N1h2 Nf4 13. Bxf4 exf4 14. d4 Qg6
15. Kf1 h5 16. Qd2 Qh6 17. h4 Na5 18. Bc2 Bd7 19. b3 Rad8 20. Kg1 Nc6 21. b4 f6
22. a4 g5 23. b5 Ne7 24. e5 dxe5 25. hxg5 fxg5 26. Nxe5 Bf5 27. Bb3+ Kg7 28.
Re2 Qf6 29. Rae1 Nc8 30. Nc4 c6 31. bxa6 bxa6 32. Bc2 Bb8 33. Bxf5 Qxf5 34. Qb2
Nd6 35. Nxd6 Bxd6 36. Qb7+ Rf7 37. Qxc6 g4 38. Re6 Bb8 39. Qe4 Qxe4 1/2-1/2

[Event "XXXIV Miedzynarodowy Turniej Szachowy im"]
[Site "Police Klubie Nauczyciela  ul."]
[Date "2019.??.??"]
[Round "6.10"]
[White "Kula, Robert"]
[Black "Hommer, Jeremy"]
[Result "1/2-1/2"]
[WhiteElo "2310"]
[BlackElo "2083"]
[PlyCount "54"]
[EventDate "2019.??.??"]

1. d4 e6 2. Nf3 f5 3. c4 Nf6 4. Nc3 Bb4 5. Bd2 b6 6. e3 Bb7 7. Qb3 Bxc3 8. Bxc3
O-O 9. Be2 Qe7 10. O-O d6 11. Nd2 Nbd7 12. Qc2 Ne4 13. f3 Nxc3 14. Qxc3 e5 15.
Rae1 Rae8 16. Bd1 exd4 17. Qxd4 Qe5 18. Ba4 Re7 19. Bxd7 Rxd7 20. Nb1 Re7 21.
Nc3 a6 22. b3 Rfe8 23. Qxe5 Rxe5 24. Kf2 Kf7 25. Re2 Ke7 26. Rd1 Kd7 27. Rd3
Bc6 1/2-1/2

[Event "XXXIV Miedzynarodowy Turniej Szachowy im"]
[Site "Police Klubie Nauczyciela  ul."]
[Date "2019.??.??"]
[Round "6.11"]
[White "Korbal, Arkadiusz"]
[Black "Pahl, Erik"]
[Result "1-0"]
[WhiteElo "2178"]
[BlackElo "2006"]
[PlyCount "131"]
[EventDate "2019.??.??"]

1. d4 Nf6 2. c4 g6 3. Nc3 Bg7 4. e4 d6 5. Nf3 O-O 6. h3 e5 7. d5 c6 8. Be3 a5
9. Nd2 Na6 10. Be2 Bd7 11. O-O Ne8 12. dxc6 bxc6 13. Nb3 f5 14. f3 Be6 15. Qd2
Nac7 16. Na4 c5 17. Nxa5 f4 18. Bf2 Qg5 19. Kh2 Qh5 20. Nb6 Rb8 21. Nd5 Bf6 22.
Nc6 Rb7 23. Rfb1 Bh4 24. Qe1 Bxf2 25. Qxf2 Nxd5 26. cxd5 Bd7 27. b4 cxb4 28.
Nxb4 g5 29. a4 Nf6 30. Kg1 Rfb8 31. Qe1 Bxh3 32. Nd3 Bd7 33. Rxb7 Rxb7 34. Nf2
g4 35. fxg4 Bxg4 36. Bxg4 Nxg4 37. Nxg4 Qxg4 38. Qf2 Rb3 39. a5 Rd3 40. Qf1 Rb3
41. a6 Rb8 42. a7 Ra8 43. Qf2 Qc8 44. Rb1 Qc7 45. Ra1 Kh8 46. Kh2 Kg8 47. Ra3
Qc5 48. Qxc5 dxc5 49. Kg1 Kf8 50. Kf2 Ke8 51. Ke2 Kd8 52. Kd3 Kc7 53. Kc4 Kb6
54. d6 Kc6 55. Ra6+ Kb7 56. Kb5 c4 57. Ra3 h5 58. Kxc4 Kc6 59. Ra6+ Kb7 60. Kb5
h4 61. Ra3 Rxa7 62. Rxa7+ Kxa7 63. d7 f3 64. d8=Q fxg2 65. Qc7+ Ka8 66. Ka6 1-0

[Event "XXXIV Miedzynarodowy Turniej Szachowy im"]
[Site "Police Klubie Nauczyciela  ul."]
[Date "2019.??.??"]
[Round "6.12"]
[White "Laux, Dominik"]
[Black "Jankowiak, Piotr"]
[Result "0-1"]
[WhiteElo "1987"]
[BlackElo "1985"]
[PlyCount "66"]
[EventDate "2019.??.??"]

1. d4 d5 2. c4 c6 3. Nf3 Nf6 4. e3 e6 5. Nc3 Be7 6. Qc2 O-O 7. b3 b6 8. Bd3 Bb7
9. O-O Nbd7 10. cxd5 exd5 11. Ne5 Re8 12. f4 c5 13. g4 Rc8 14. Nxd7 Qxd7 15.
Bf5 Qc6 16. Bxc8 Rxc8 17. Bb2 cxd4 18. exd4 Nxg4 19. Qe2 Bf6 20. Nb5 Re8 21.
Qxg4 Qxb5 22. Rfe1 Re4 23. Rac1 g6 24. Red1 Re2 25. Rc7 Rxb2 26. Rxb7 Qe8 27.
Qf3 Qc8 28. Rxa7 Qc2 29. Kf1 Bh4 30. f5 Qxh2 31. Ra8+ Kg7 32. f6+ Kh6 33. Qe3+
g5 0-1

[Event "XXXIV Miedzynarodowy Turniej Szachowy im"]
[Site "Police Klubie Nauczyciela  ul."]
[Date "2019.??.??"]
[Round "6.13"]
[White "Pahl, Theis"]
[Black "Wikar, Martyna"]
[Result "1/2-1/2"]
[WhiteElo "1953"]
[BlackElo "2020"]
[PlyCount "51"]
[EventDate "2019.??.??"]

1. Nf3 Nf6 2. g3 d5 3. Bg2 c5 4. O-O Nc6 5. d3 e5 6. e4 Be7 7. Nc3 dxe4 8. dxe4
Bg4 9. Qxd8+ Rxd8 10. h3 Bxf3 11. Bxf3 Nd4 12. Bd1 b5 13. Bg5 Ng8 14. Be3 b4
15. Nd5 Nf6 16. Nxf6+ Bxf6 17. c3 bxc3 18. bxc3 Ne6 19. Bb3 Bg5 20. Bxe6 Bxe3
21. Bd5 Bd2 22. c4 Ke7 23. Rab1 Rb8 24. f4 exf4 25. gxf4 Rhd8 26. Kg2 1/2-1/2

[Event "XXXIV Miedzynarodowy Turniej Szachowy im"]
[Site "Police Klubie Nauczyciela  ul."]
[Date "2019.??.??"]
[Round "6.14"]
[White "Pawlicz, Adam"]
[Black "Olenderek, Tomasz"]
[Result "1/2-1/2"]
[WhiteElo "2032"]
[BlackElo "2076"]
[PlyCount "65"]
[EventDate "2019.??.??"]

1. d4 d5 2. c4 e6 3. Nc3 c5 4. cxd5 exd5 5. Nf3 Nc6 6. g3 Nf6 7. Bg2 Be7 8. O-O
O-O 9. Bg5 Be6 10. e3 Ne4 11. Bxe7 Qxe7 12. Rc1 Nxc3 13. Rxc3 c4 14. b3 b5 15.
bxc4 bxc4 16. Ne5 Nxe5 17. dxe5 Qc5 18. Qd2 Rfd8 19. Rd1 Rab8 20. Bf3 h6 21.
Kg2 a5 22. Qd4 Qxd4 23. Rxd4 Rd7 24. Rd2 Rb5 25. g4 g5 26. h3 Kg7 27. Bd1 Rc5
28. Kg3 f6 29. exf6+ Kxf6 30. Bc2 Rd8 31. Rd4 Ke5 32. Rd1 Kf6 33. Rd4 1/2-1/2

[Event "XXXIV Miedzynarodowy Turniej Szachowy im"]
[Site "Police Klubie Nauczyciela  ul."]
[Date "2019.??.??"]
[Round "6.15"]
[White "Jankowiak, Tomasz"]
[Black "Niedbal, Piotr"]
[Result "1/2-1/2"]
[WhiteElo "2104"]
[BlackElo "1915"]
[PlyCount "100"]
[EventDate "2019.??.??"]

1. e4 c5 2. Nf3 e6 3. d4 cxd4 4. Nxd4 a6 5. Bd3 Qc7 6. O-O Nf6 7. Qe2 d6 8. c4
Be7 9. Nc3 O-O 10. f4 Nbd7 11. Kh1 b6 12. Bd2 Bb7 13. Rae1 Rac8 14. b4 Ba8 15.
a3 Bb7 16. Rf3 g6 17. Rh3 Rfd8 18. Nf3 Bf8 19. Ng5 Bg7 20. Qf2 h6 21. Nf3 Nh5
22. f5 Ne5 23. Nxe5 dxe5 24. fxg6 fxg6 25. Bf1 Rf8 26. Rf3 Nf6 27. Bd3 Qd7 28.
Rf1 Qd6 29. Qe2 Nh5 30. Rxf8+ Rxf8 31. Rxf8+ Kxf8 32. g3 Qd4 33. Qf3+ Kg8 34.
Kg2 Nf6 35. h3 Kh7 36. Qe2 Bf8 37. Kf3 a5 38. Nd1 axb4 39. axb4 Nxe4 40. Bxe4
Bxe4+ 41. Qxe4 Qxd2 42. Nf2 Qxb4 43. Qb7+ Bg7 44. Ne4 Qb3+ 45. Ke2 Qc2+ 46. Kf3
Qd3+ 47. Kf2 Qd8 48. Ke2 Kg8 49. Ke1 Bf8 50. Qc6 Bg7 1/2-1/2

[Event "XXXIV Miedzynarodowy Turniej Szachowy im"]
[Site "Police Klubie Nauczyciela  ul."]
[Date "2019.??.??"]
[Round "6.16"]
[White "Lanica, Lukasz"]
[Black "Krzywnicka, Maria"]
[Result "0-1"]
[WhiteElo "1800"]
[BlackElo "1756"]
[PlyCount "120"]
[EventDate "2019.??.??"]

1. e4 c5 2. Nf3 d6 3. d4 cxd4 4. Nxd4 Nf6 5. Nc3 a6 6. Be2 e5 7. Nb3 Be7 8. Be3
Be6 9. h4 Qc7 10. g4 Nc6 11. g5 Nd7 12. Qd2 Nc5 13. f4 exf4 14. Bxf4 Ne5 15.
O-O-O Rc8 16. Kb1 O-O 17. Nd4 Rfd8 18. Nf5 Bf8 19. Qe3 Re8 20. Qg3 Nxe4 21.
Nxe4 Qxc2+ 22. Ka1 Qxe4 23. Nd4 Bc4 24. Rhe1 Bxe2 25. Rxe2 Qd5 26. Ree1 Qc4 27.
Nf5 Kh8 28. h5 Qc2 29. Nd4 Qc5 30. h6 g6 31. Nb3 Qb5 32. Nd4 Qc5 33. a3 Nc4 34.
Rf1 Qb6 35. Bc1 Ne5 36. Nf3 Qb3 37. Qf2 Nxf3 38. Qxf3 Qxf3 39. Rxf3 Rc7 40. Bf4
Rd7 41. Rfd3 Red8 42. Rd5 Kg8 43. b4 Be7 44. Ka2 f6 45. gxf6 Bxf6 46. Kb3 Kf7
47. Ka4 Ke6 48. Ka5 Be5 49. Be3 Rc8 50. a4 Rc3 51. Bg5 Rg3 52. Bh4 Rg4 53. Be1
Rg1 54. Kb6 Rh1 55. R5d3 Rxh6 56. Bd2 Rh4 57. Be1 Rg4 58. Rc1 a5 59. b5 Rxa4
60. Rc8 Bd4+ 0-1

[Event "XXXIV Miedzynarodowy Turniej Szachowy im"]
[Site "Police Klubie Nauczyciela  ul."]
[Date "2019.??.??"]
[Round "6.18"]
[White "Kalinin, Aleksandr"]
[Black "Swiech, Joanna"]
[Result "0-1"]
[WhiteElo "2203"]
[BlackElo "1879"]
[PlyCount "152"]
[EventDate "2019.??.??"]

1. d4 d5 2. c4 e6 3. Nc3 Nf6 4. e3 b6 5. Nf3 Bb7 6. Bd3 Bd6 7. O-O O-O 8. Nb5
Be7 9. a3 a5 10. Bd2 Ba6 11. b3 Nbd7 12. a4 c6 13. Nc3 c5 14. Nb5 Bxb5 15. cxb5
Rc8 16. Rc1 Bd6 17. Bc3 Bb8 18. Bb2 Qe7 19. g3 e5 20. Bf5 Rcd8 21. Bh3 cxd4 22.
exd4 e4 23. Nh4 g6 24. Re1 Ne8 25. Rc6 f5 26. f4 Bd6 27. Nf3 Nb8 28. Rc2 Ng7
29. Ne5 Ne6 30. Nc6 Nxc6 31. Rxc6 Rb8 32. Rf1 Nd8 33. Rc2 Qg7 34. Qd2 Bb4 35.
Qe3 Ne6 36. Rc6 Qd7 37. Rfc1 Be7 38. R1c2 Bf6 39. Bf1 Rfe8 40. Kh1 Qg7 41. Rd2
h6 42. Be2 Rb7 43. Bf1 g5 44. Ba1 Kh8 45. Bb2 Kg8 46. Bh3 g4 47. Bf1 h5 48. h4
gxh3 49. Bxh3 Qg6 50. Rd6 Nc7 51. Rc2 Rd8 52. Ba3 Rxd6 53. Bxd6 Ne6 54. Be5
Bxe5 55. fxe5 Ng5 56. Rc6 Ne6 57. Qf2 Qf7 58. Rd6 Ng7 59. Rf6 Qc7 60. Bxf5 Qc1+
61. Qg1 Qg5 62. Bc8 Rc7 63. Rc6 Rf7 64. Rf6 Rxf6 65. exf6 Qxf6 66. Qd1 Qf2 67.
Qg1 Qxg1+ 68. Kxg1 Kf7 69. Kf2 Kf6 70. Ke3 Nf5+ 71. Bxf5 Kxf5 72. b4 axb4 73.
a5 b3 74. axb6 b2 75. b7 b1=Q 76. b8=Q Qe1# 0-1